00879nam a2200241Ia 450000500170000000800410001702000180005810000390007624501240011525000180023930000250025749000630028253400290034565000360037465000400041070000300045026400230048033600270050333700330053033800280056304000350059108400110062620220317001542.0161108s2010 sp g 000 f s  a97884460298231 aStevenson, Robert Louisd1850-189413aEl señor de Ballantraebun cuento de inviernocRobert Louis Stevenson ; traducción y notas Fernando Velasco Garrido a1a. edición a301 páginasc18 cm aBásica de bolsillo : clásicos de la literatura inglesa tThe master of Ballantrae142LEMBaNovela inglesaySiglo XIX142LEMBaLiteratura inglesaySiglo XIX1 aVelasco Garrido, Fernando aMadridbAkalc2010 atextobtxt2rdacontent asin mediaciónbn2rdamedia avolumenbnc2rdacarrier aCO-BoRNBPbspaerdacCO-BoRNBP aN STE2